Taux de migrations en Europe - Statistiques

Statistiques générales
  • Ce quiz a été pris 63 fois
  • Le résultat moyen est 4 sur 10
Statistiques - réponses
% Pays % Correct
49,8 Ukraine
63%
4,6 Suisse
60%
3,8 Suède
58%
7,5 Luxembourg
52%
5,1 Norvège
48%
3,4 Danemark
42%
5,5 Monaco
42%
3,8 Liechtenstein
35%
3,0 Saint-Marin
35%
4 Chypre
13%
Aucun quiz correspondant
Distribution des résultats
% des personnes avec chaque résultat
Percentile par nombre de réponses
Votre historique - résultats
Vous n’avez pas pris ce quiz